000 01395cam a2200169 4500500
005 20260208010554.0
041 _afre
042 _adc
100 1 0 _aTirvaudey, Robert
_eauthor
245 0 0 _aMichel Henry, Phénoménologie de la vie, t. 1 : De la phénoménologie ; t. 2 : De la subjectivité ; t. 3 : De l’art du politique ; t. 4 : Sur l’éthique et la religion, avant-propos de Jean-Luc Marion, Paris, PUF, 2003, 2003, 2004 et 2004, coll. « Épiméthée », 212, 186, 350 et 250 p., 25, 19, 35 et 26 E.
260 _c2005.
500 _a43
520 _aLettres inédites de Théodule Ribot à Henri Piéron Édition et présentation des lettres (1902-1916) du psychologue fondateur de la Revue philosophique, Théodule Ribot, au jeune Henri Piéron, qui deviendra par la suite une figure centrale de la psychologie scientifique française.
520 _aUnpublished letters from Théodule Ribot to Henri Piéron Edition and presentation of the letters (1902-1916) of Théodule Ribot, the psychologist founder of the Revue philosophique, to the young Henri Piéron, who will later become a central figure of French scientific psychology.
786 0 _nRevue philosophique de la France et de l'étranger | 130 | 3 | 2005-09-01 | p. 357zp-432zp | 0035-3833
856 4 1 _uhttps://shs.cairn.info/revue-philosophique-2005-3-page-357zp?lang=fr&redirect-ssocas=7080
999 _c1657191
_d1657191